Personnalités francophones nées en avril par images - Statistiques

Statistiques générales
  • Ce quiz a été pris 37 fois
  • Le résultat moyen est 14 sur 16
Statistiques - réponses
Par images Hint Réponse % Correct
Première Dame Brigitte Macron
100%
Judoka Teddy Riner
100%
Footballeur Franck Ribéry
94%
Chanteur Jacques Brel
94%
Journaliste Jean-Pierre Pernaut
94%
Chanteur Serge Gainsbourg
94%
Chanteuse Zazie
94%
Politicienne Élisabeth Borne
89%
Acteur Jean-Paul Belmondo
86%
Journaliste Anne-Sophie Lapix
83%
Rappeur SCH
83%
Youtubeur et Journaliste HugoDécrypte
81%
Dirigeant Politique Philippe Pétain
78%
Actrice Josiane Balasko
75%
Chanteuse Véronique Sanson
75%
Écrivain Émile Zola
61%
Aucun quiz correspondant
Distribution des résultats
% des personnes avec chaque résultat
Percentile par nombre de réponses
Votre historique - résultats
Vous n’avez pas pris ce quiz